00679nam a2200193 a 450000100100000000500170001000800410002704000250006804100130009310000210010624000510012724500880017826000590026630000200032549000360034550000420038170000260042383000360044900004264620201002040309.0140203s2001 sp 000 p spa d aDO-SdBNPbspacBNPHU17aspabpol1 aSampaio, Ernesto10aA procura Do SilênciolEspañol-Portugués13aLa Búsqueda del Silencio. /cErnesto Sampaio; traducción, Perfecto E. Cuadrado. a[Mérida], [España] :bJunta de Extremadura,c2001. a53 p. ;c20 cm.1 aLa estirpe de los argonautasv5 aIncluye datos biografícos del autor1 aCuadrado, Perfecto E. 0aLa estirpe de los argonautasv5